000 02480cam a22004214i 4500
003 PE-LiUPU
005 20250731172906.0
008 s rb 001 0 spa d
020 _a0802873197
020 _a9780802873194
035 _a(Sirsi) a166571
040 _aPE-LiUPU
_bspa
_cPE-LiUPU
_erda
049 _aPRUA
082 0 4 _a241.09
_bT72
_223
245 0 0 _aTorah ethics and early Christian identity /
_cedited by Susan J. Wendel.
264 1 _aGrand Rapids, Michigan :
_bWilliam B. Eerdmans Publishing Company,
_c2016.
300 _a271 páginas ;
_c24 centimetros.
336 _atext
_2rdacontent
337 _aunmediated
_2rdamedia
338 _avolume
_2rdacarrier
505 0 4 _aTorah ethics in early Judaism -- Entering a synagogue with Paul : first-century Torah observance, Anders Runesson -- The meaning and function of the law in Philo and Josephus /
_rJohn W. Martens -- Torah ethics and the New Testament -- Jesus, the eschatological perfection of Torah, and the imitation Dei in Matthew /
_rWesley G. Olmstead --
_tTorah, Jesus, and the kingdom of God in the Gospel of Mark /
_rS. A. Cummins --
_tReading law as prophecy : Torah ethics in Acts /
_rDavid M. Miller --
_tReproach and revelation : ethics in John 11:1-44 /r Adele Reinhartz --
_g The
_t law of the laws : James, wisdom, and the law /
_r Scot McKnight --
_t Questions about nomos, answers about Christos : Romans 10:4 in context /
_r Beverly Roberts Gaventa --
_t Paul, Abraham's Gentile "offspring," and the Torah /
_r Terence L. Donaldson --
_gThe
_t conversion of the imagination : Scripture and eschatology in 1 Corinthians /
_rRichard B. Hays --
_t Beyond the New Testament --
_tTorah obedience and early Christian ethical practices in Justin Martyr /
_rSusan J. Wendel --
_gThe
_t law, God, and the Logos : Clement and the Alexandrian tradition /
_rPeter Widdicombe --
_tCanonical Paul and the law /
_rStephen Westerholm.
526 _aSEG42
526 _aSEG41
526 _aSEG40
526 _aSEG39
526 _aP94
526 _aP87
526 _aP86
526 _aP85
526 _aP77
526 _aP76
526 _aP35
650 0 4 _aJudaísmo.
_91492
596 _a1
942 _2ddc
_cBOOK
999 _a241.09 T72
_wLC
_c15315
_i75291
_f2021-11-10
_g6
_lCCODEBUL1
_mBUL
_p22.72
_r0
_sY
_tBOOK
_u2017-1-26
_xTEOLOGIA
_PP35
_0COMPRA
_o.STAFF. Colección Teología
_d15315
980 _81
_gALBERTO SANCHEZ Responsable de Automatización